[Event "198th YMCA Spring A"]
[Site "Warsaw"]
[Date "2018.04.11"]
[Round "1"]
[White "Delega, Tomasz"]
[Black "Tychulski, Krzysztof"]
[Result "1-0"]
[WhiteElo "1982"]
[BlackElo "1891"]
[PlyCount "80"]
[EventDate "2018.04.06"]
[EventType "tourn"]
[EventRounds "1"]
[EventCountry "POL"]
[SourceDate "2018.04.06"]

1. d4 Nf6 2. Bg5 Ne4 3. Bf4 c5 4. f3 Nf6 5. d5 Qb6 6. Bc1 g6 7. e4 d6 8. Na3
Bg7 9. Nc4 Qd8 10. a4 O-O 11. Ne2 e6 12. dxe6 Bxe6 13. Nf4 d5 14. Nxe6 fxe6 15.
Nd2 Nc6 16. Be2 Nh5 17. g3 Qc7 18. f4 Nxf4 19. gxf4 Qxf4 20. Nf3 Qxe4 21. Qd3
Qb4+ 22. c3 Qb6 23. Qb5 c4 24. Qxb6 axb6 25. Ng5 Rf6 26. Rf1 e5 27. Rxf6 Bxf6
28. Bg4 Bxg5 29. Bxg5 Kf7 30. Kd2 Ne7 31. Be3 d4 32. cxd4 Rd8 33. Be2 exd4 34.
Bxc4+ Kf6 35. Rf1+ Nf5 36. Bf2 Ke5 37. Kd3 Rd7 38. Re1+ Kf4 39. Be6 Rd6 40.
Bxf5 gxf5 1-0

[Event "198th YMCA Spring A"]
[Site "Warsaw"]
[Date "2018.04.05"]
[Round "1"]
[White "Borowy, Cezary"]
[Black "Moskwinski, Marek"]
[Result "1/2-1/2"]
[WhiteElo "2013"]
[BlackElo "1855"]
[PlyCount "49"]
[EventDate "2018.04.06"]
[EventType "tourn"]
[EventRounds "1"]
[EventCountry "POL"]
[SourceDate "2018.04.06"]

1. e4 e5 2. Nf3 Nc6 3. d4 exd4 4. Nxd4 Nf6 5. Nxc6 bxc6 6. Qe2 Bc5 7. Nc3 O-O
8. Bg5 Bd4 9. f3 Qe7 10. Qc4 Qe5 11. Bh4 Ba6 12. Bg3 Bxc4 13. Bxe5 Bxe5 14.
Bxc4 Rab8 15. O-O-O Bxc3 16. bxc3 Rfe8 17. Rhe1 Re5 18. f4 Rc5 19. Bb3 h6 20.
Rd4 Rxc3 21. e5 Nd5 22. Bxd5 cxd5 23. Rxd5 d6 24. exd6 cxd6 25. Rxd6 $11
1/2-1/2

[Event "198th YMCA Spring A"]
[Site "Warsaw"]
[Date "2018.04.05"]
[Round "1"]
[White "Kasperkiewicz, Pawel"]
[Black "Kaminski, Jan"]
[Result "0-1"]
[WhiteElo "1999"]
[BlackElo "1934"]
[PlyCount "66"]
[EventDate "2018.04.06"]
[EventType "tourn"]
[EventRounds "1"]
[EventCountry "POL"]
[SourceDate "2018.04.06"]

1. c4 e5 2. Nc3 Nf6 3. Nf3 Nc6 4. g3 Bc5 5. Bg2 d6 6. O-O O-O 7. d3 h6 8. Na4
Be6 9. Nxc5 dxc5 10. b3 Qd6 11. Bb2 Rad8 12. Nd2 Bg4 13. h3 Bc8 14. f4 exf4 15.
Rxf4 Nd4 16. Rxf6 Qxf6 17. e3 Ne2+ 18. Qxe2 Qxb2 19. Rf1 Qxa2 20. Rf2 c6 21.
Kh2 Qc2 22. Bf1 f5 23. Qf3 Qc3 24. Qf4 Rde8 25. Qf3 Qe5 26. Re2 Qd6 27. Rf2 b5
28. h4 a5 29. Nb1 Bd7 30. Ra2 Ra8 31. Nc3 Qe5 32. Ne2 Rfe8 33. Bg2 bxc4 0-1

[Event "198th YMCA Spring A"]
[Site "Warsaw"]
[Date "2018.04.06"]
[Round "1"]
[White "Majek, Kacper"]
[Black "Liberadzki, Slawomir"]
[Result "1-0"]
[WhiteElo "1939"]
[BlackElo "1991"]
[PlyCount "125"]
[EventDate "2018.04.06"]
[EventType "tourn"]
[EventRounds "1"]
[EventCountry "POL"]
[SourceDate "2018.04.06"]

1. e4 c5 2. Nf3 e6 3. d3 Nc6 4. g3 g6 5. Bg2 Bg7 6. O-O Nge7 7. c3 O-O 8. Re1
d5 9. Nbd2 Qc7 10. Qe2 dxe4 11. dxe4 b6 12. h4 a5 13. Bf1 Ba6 14. Qe3 Bxf1 15.
Nxf1 a4 16. e5 Rfd8 17. Qe4 Rd5 18. Bf4 a3 19. b3 b5 20. Ne3 Rd7 21. Ng4 Nd5
22. Bh6 Nxc3 23. Qc2 Nb4 24. Qxc3 Rd3 25. Qc1 Rxf3 26. Bxg7 Kxg7 27. Qh6+ Kh8
28. Nf6 Rxf6 29. exf6 Rg8 30. Red1 Nd5 31. Qg5 Rc8 32. Rac1 Qd8 33. Rc2 b4 34.
h5 Qg8 35. hxg6 Qxg6 36. Qxg6 hxg6 37. Rdc1 Nc3 38. Rxc3 bxc3 39. Rxc3 g5 40.
b4 c4 41. Kf1 Kh7 42. Ke2 Kg6 43. Rxa3 Kxf6 44. Kd2 Ke5 45. Ra5+ Kd4 46. Rxg5
f5 47. Rg7 Ra8 48. Rd7+ Ke4 49. Kc3 Rxa2 50. Rd4+ Ke5 51. f4+ Kf6 52. Kxc4 Rc2+
53. Kb3 Rg2 54. Rd3 e5 55. fxe5+ Kxe5 56. b5 Ke4 57. Rc3 Rd2 58. Kc4 Rd8 59. b6
f4 60. gxf4 Kxf4 61. Kb5 Ke5 62. b7 Kd4 63. Rc8 1-0

[Event "198th YMCA Spring A"]
[Site "Warsaw"]
[Date "2018.04.06"]
[Round "1"]
[White "Kaczmarska, Joanna"]
[Black "Choroszej, Aleksander"]
[Result "0-1"]
[WhiteElo "1976"]
[BlackElo "1993"]
[PlyCount "68"]
[EventDate "2018.04.06"]
[EventType "tourn"]
[EventRounds "1"]
[EventCountry "POL"]
[SourceDate "2018.04.06"]

1. e4 g6 2. d4 Bg7 3. Nc3 d6 4. Be3 a6 5. Qd2 b5 6. a3 Nd7 7. h4 Ngf6 8. f3 h5
9. Nh3 Bb7 10. Nf2 c5 11. d5 Rc8 12. g4 Ne5 13. Qd1 hxg4 14. fxg4 b4 15. axb4
cxb4 16. Na4 e6 17. Nb6 exd5 18. Nxc8 Qxc8 19. g5 Nh5 20. Bg2 O-O 21. O-O dxe4
22. Nxe4 Bxe4 23. Bxe4 Ng3 24. Rf4 Nc4 25. Qe1 Nh5 26. Rf1 Re8 27. Bf4 Qg4+ 28.
Kh2 Nxf4 29. Qg3 Qxg3+ 30. Kxg3 Nh5+ 31. Kh2 Rxe4 32. Rxa6 Rxh4+ 33. Kg1 Bd4+
34. Kg2 Ne3+ 0-1

[Event "198th YMCA Spring A"]
[Site "Warsaw"]
[Date "2018.04.13"]
[Round "2"]
[White "Tychulski, Krzysztof"]
[Black "Choroszej, Aleksander"]
[Result "0-1"]
[WhiteElo "1891"]
[BlackElo "1993"]
[PlyCount "92"]
[EventDate "2018.04.06"]
[EventType "tourn"]
[EventRounds "1"]
[EventCountry "POL"]
[SourceDate "2018.04.06"]

1. Nf3 g6 2. d4 Bg7 3. c4 d6 4. Nc3 Nf6 5. e4 O-O 6. Be2 e5 7. O-O Nc6 8. d5
Ne7 9. Ne1 Nd7 10. Nd3 f5 11. f3 Nf6 12. c5 f4 13. cxd6 cxd6 14. Nf2 Kh8 15.
Bd2 h5 16. Rc1 g5 17. Nb5 Ne8 18. a4 Ng6 19. Qc2 Bd7 20. Bb4 Rf6 21. Qb3 Nh4
22. Rc2 Rg6 23. Rfc1 g4 24. fxg4 hxg4 25. g3 Bh6 26. Bd2 a6 27. Na3 b5 28. axb5
axb5 29. Nxb5 Rb8 30. gxh4 g3 31. Ng4 Bxb5 32. Rc8 Qb6+ 33. Be3 gxh2+ 34. Kh1
fxe3 35. Qxb5 Qxb5 36. Bxb5 Rxb5 37. Rxe8+ Kh7 38. Rc7+ Rg7 39. Rxg7+ Kxg7 40.
Nxh6 Kxh6 41. Rh8+ Kg7 42. Rc8 Rxb2 43. Rc1 Rf2 44. Rc7+ Kh6 45. Rc6 e2 46.
Rxd6+ Kh5 0-1

[Event "198th YMCA Spring A"]
[Site "Warsaw"]
[Date "2018.04.13"]
[Round "2"]
[White "Liberadzki, Slawomir"]
[Black "Kaczmarska, Joanna"]
[Result "0-1"]
[WhiteElo "1991"]
[BlackElo "1976"]
[PlyCount "92"]
[EventDate "2018.04.06"]
[EventType "tourn"]
[EventRounds "1"]
[EventCountry "POL"]
[SourceDate "2018.04.06"]

1. c4 Nf6 2. Nf3 g6 3. g3 Bg7 4. Bg2 O-O 5. O-O Re8 6. d4 d5 7. b3 c5 8. e3
cxd4 9. exd4 Nc6 10. Bb2 Be6 11. Nbd2 Na5 12. Bc3 dxc4 13. Bxa5 Qxa5 14. bxc4
Qa6 15. Qb3 Rec8 16. Ng5 Rab8 17. Nxe6 Qxe6 18. Rfe1 Qd7 19. Nf3 e6 20. Rad1
Qc7 21. d5 exd5 22. cxd5 Rd8 23. Ne5 Ne8 24. Rc1 Qd6 25. Nc4 Qa6 26. Rcd1 b5
27. Ne5 Bxe5 28. Rxe5 Nd6 29. Rc1 Nc4 30. Re7 Qd6 31. Rce1 a6 32. Qf3 Rf8 33.
Ra7 Ne5 34. Qc3 Rfe8 35. Rc1 Nc4 36. h4 Qb6 37. Rd7 Rbc8 38. h5 b4 39. Qb3 Ne5
40. Rxc8 Rxc8 41. Re7 Rc1+ 42. Bf1 Qb5 43. Re8+ Kg7 44. h6+ Kf6 45. Kh2 Qxf1
46. g4 Qxf2+ 0-1

[Event "198th YMCA Spring A"]
[Site "Warsaw"]
[Date "2018.04.12"]
[Round "2"]
[White "Kaminski, Jan"]
[Black "Majek, Kacper"]
[Result "0-1"]
[WhiteElo "1934"]
[BlackElo "1939"]
[PlyCount "96"]
[EventDate "2018.04.06"]
[EventType "tourn"]
[EventRounds "1"]
[EventCountry "POL"]
[SourceDate "2018.04.06"]

1. e4 c6 2. d4 d5 3. e5 Bf5 4. Nc3 e6 5. g4 Bg6 6. Nge2 c5 7. h4 h5 8. Nf4 Bh7
9. Nxh5 cxd4 10. Qxd4 a6 11. Bg5 Qc7 12. Qa4+ Nc6 13. O-O-O Rc8 14. Bd3 Bxd3
15. Rxd3 Be7 16. Bxe7 Ngxe7 17. f4 Kf8 18. Rd2 Na5 19. f5 Nc4 20. f6 gxf6 21.
exf6 Nc6 22. Rf2 Qb6 23. Nd1 N6e5 24. Rg2 Nd3+ 25. cxd3 Ne3+ 26. Kb1 Nxg2 27.
d4 Qc7 28. Nc3 Ne3 29. a3 Qd6 30. Rg1 b5 31. Qb3 Nc4 32. Ka2 Qh2 33. Re1 Qxh4
34. Qb4+ Kg8 35. Ne2 Ne3 36. Rg1 Qf2 37. Nhf4 Nc2 38. Qe7 Nxd4 39. Qd7 Rf8 40.
Ng6 Qxf6 41. Nxf8 Nxe2 42. Re1 Rh2 43. Qc8 Nc1+ 44. Qxc1 Kxf8 45. Rf1 Rxb2+ 46.
Qxb2 Qxf1 47. Qh8+ Ke7 48. Qd4 Qc4+ 0-1

[Event "198th YMCA Spring A"]
[Site "Warsaw"]
[Date "2018.04.13"]
[Round "2"]
[White "Moskwinski, Marek"]
[Black "Kasperkiewicz, Pawel"]
[Result "1/2-1/2"]
[WhiteElo "1855"]
[BlackElo "1999"]
[PlyCount "170"]
[EventDate "2018.04.06"]
[EventType "tourn"]
[EventRounds "1"]
[EventCountry "POL"]
[SourceDate "2018.04.06"]

1. e4 e6 2. d4 d5 3. Nc3 Bb4 4. e5 b6 5. Qg4 Bf8 6. Nf3 Qd7 7. Bg5 h6 8. Be3
Ne7 9. Bd3 Ba6 10. Bxa6 Nxa6 11. O-O O-O-O 12. Nd2 c5 13. Qe2 Kb7 14. Nb5 Nf5
15. g4 Nxd4 16. Nxd4 cxd4 17. Bxd4 Nb4 18. Nb3 Qa4 19. a3 Nc6 20. Rfd1 Be7 21.
Rd3 Rhe8 22. Rad1 f6 23. exf6 Bxf6 24. Bxf6 gxf6 25. Nd4 Ne5 26. Rc3 Nxg4 27.
Nxe6 Rd6 28. Rd4 Qxd4 29. Nxd4 Rxe2 30. Nxe2 Ne5 31. Rh3 Nf7 32. Nd4 Rd8 33.
Nf5 Re8 34. Kf1 Kc7 35. Rg3 Re5 36. Rg7 Rxf5 37. Rxf7+ Kd6 38. Rxa7 Rh5 39. Rb7
Rxh2 40. Rxb6+ Ke5 41. a4 f5 42. a5 Rh1+ 43. Ke2 Ra1 44. b4 h5 45. a6 h4 46. b5
h3 47. Rh6 Ra5 48. b6 Rxa6 49. b7 Rxh6 50. b8=Q+ Kf6 51. Qd6+ Kg7 52. Qe7+ Kg6
53. Qe6+ Kg7 54. Qxd5 h2 55. Qh1 Kf6 56. c4 Kf7 57. c5 Ke7 58. c6 Kd6 59. Ke3
Rh4 60. f4 Kc7 61. Kf3 Rh8 62. Ke3 Rh4 63. Kd4 Rxf4+ 64. Ke5 Rh4 65. Kxf5 Rh8
66. Ke6 Rh6+ 67. Kd5 Rh8 68. Kc5 Rh5+ 69. Kb4 Rh4+ 70. Ka5 Rh5+ 71. Ka6 Rh7 72.
Ka7 Rh5 73. Ka6 Rh7 74. Ka5 Rh5+ 75. Kb4 Rh6 76. Kb3 Rh8 77. Kc3 Rh4 78. Kd3
Rh8 79. Kd4 Rh4+ 80. Ke5 Rh8 81. Kf6 Rh6+ 82. Kg7 Rh5 83. Kf7 Rh7+ 84. Kg8 Rh5
85. Kg7 Rh4 1/2-1/2

[Event "198th YMCA Spring A"]
[Site "Warsaw"]
[Date "2018.04.12"]
[Round "2"]
[White "Delega, Tomasz"]
[Black "Borowy, Cezary"]
[Result "1/2-1/2"]
[WhiteElo "1982"]
[BlackElo "2013"]
[PlyCount "76"]
[EventDate "2018.04.06"]
[EventType "tourn"]
[EventRounds "1"]
[EventCountry "POL"]
[SourceDate "2018.04.06"]

1. d4 e6 2. Nf3 f5 3. d5 Bd6 4. Nc3 Nf6 5. Bg5 O-O 6. e4 fxe4 7. Nxe4 Be7 8.
Bxf6 Bxf6 9. dxe6 d5 10. Nxf6+ Rxf6 11. Be2 Bxe6 12. O-O c6 13. Ng5 Bf5 14. c4
Rg6 15. f4 h6 16. Bd3 Qf6 17. Nf3 Bxd3 18. Qxd3 dxc4 19. Qxc4+ Qe6 20. Qb4 Nd7
21. Rae1 Qxa2 22. Qxb7 Nb6 23. Ne5 Rf6 24. Nxc6 Qxb2 25. Rb1 Qa3 26. Ne5 Rd8
27. Kh1 Nc8 28. Qc7 Qd6 29. Qc4+ Qd5 30. Qxd5+ Rxd5 31. Rfc1 Nb6 32. g3 Nd7 33.
Rc8+ Kh7 34. Rd8 Nb6 35. Rxd5 Nxd5 36. Ra1 a6 37. Nd7 Rd6 38. Nc5 Nc7 1/2-1/2

[Event "198th YMCA Spring A"]
[Site "Warsaw"]
[Date "2018.04.19"]
[Round "3"]
[White "Borowy, Cezary"]
[Black "Tychulski, Krzysztof"]
[Result "1-0"]
[WhiteElo "2013"]
[BlackElo "1891"]
[PlyCount "87"]
[EventDate "2018.04.06"]
[EventType "tourn"]
[EventRounds "1"]
[EventCountry "POL"]
[SourceDate "2018.04.06"]

1. e4 c5 2. Nf3 d6 3. d4 cxd4 4. Nxd4 Nf6 5. Nc3 a6 6. Be3 e5 7. Nf3 Be7 8. Bc4
O-O 9. O-O Nbd7 10. a4 b6 11. Bd5 Rb8 12. Re1 Qc7 13. Nh4 g6 14. Nf3 Nh5 15.
Bh6 Ng7 16. Ng5 Nc5 17. Qf3 Nce6 18. Qe3 Nd4 19. Qd3 b5 20. axb5 axb5 21. Rec1
b4 22. Ne2 Nxe2+ 23. Qxe2 Bxg5 24. Bxg5 Be6 25. Qd3 Bxd5 26. Qxd5 Ne6 27. Be3
Nc5 28. Rd1 Rfd8 29. Rd2 Kg7 30. f4 f6 31. Rad1 Re8 32. f5 Re7 33. Qc4 Na4 34.
Qb3 Nc5 35. Qd5 Na4 36. Rb1 Rc8 37. Qb5 Qc6 38. Qxb4 Rb7 39. Qxd6 Qxd6 40. Rxd6
Rxc2 41. Rbd1 Nxb2 42. Rd7+ Rxd7 43. Rxd7+ Kg8 44. Bh6 $138 1-0

[Event "198th YMCA Spring A"]
[Site "Warsaw"]
[Date "2018.04.25"]
[Round "3"]
[White "Kasperkiewicz, Pawel"]
[Black "Delega, Tomasz"]
[Result "1-0"]
[WhiteElo "1999"]
[BlackElo "1982"]
[PlyCount "141"]
[EventDate "2018.04.06"]
[EventType "tourn"]
[EventRounds "1"]
[EventCountry "POL"]
[SourceDate "2018.04.06"]

1. Nf3 b6 2. g3 Bb7 3. Bg2 e6 4. O-O f5 5. c4 Nf6 6. Nc3 c5 7. d4 cxd4 8. Nxd4
Bxg2 9. Kxg2 Qc8 10. b3 a6 11. Re1 Bb4 12. Bd2 Nc6 13. Nc2 Be7 14. Bf4 Qb7 15.
f3 O-O 16. Bd6 Rad8 17. Bxe7 Nxe7 18. Qd6 Nc8 19. Qe5 Rfe8 20. Rad1 d6 21. Qf4
h6 22. e4 fxe4 23. Nxe4 Nxe4 24. Rxe4 Qf7 25. Qe3 d5 26. cxd5 exd5 27. Rxe8+
Rxe8 28. Qf2 Rd8 29. Nd4 Ne7 30. Re1 b5 31. Re5 Ng6 32. Re6 Ra8 33. Qe3 Nf8 34.
Re7 Qf6 35. f4 Rc8 36. Qe5 Qxe5 37. Rxe5 Rc5 38. Re8 Rc3 39. Ra8 Kf7 40. Ra7+
Kg8 41. Rxa6 Rd3 42. Nxb5 Rd2+ 43. Kf3 Rxh2 44. Nd4 Nd7 45. Ra8+ Kf7 46. Ra7
Ke8 47. Ne6 g6 48. Nc7+ Ke7 49. Nxd5+ Kd6 50. Ne3 g5 51. Ra6+ Kc5 52. Ng4 Rc2
53. Ra7 Rc3+ 54. Ne3 Kc6 55. Ra4 Nb6 56. Re4 Kd6 57. Ke2 gxf4 58. gxf4 Nd7 59.
Rc4 Rxc4 60. Nxc4+ Kc5 61. Ke3 Nf6 62. f5 Kd5 63. Kf4 Nh5+ 64. Kf3 Ng7 65. a4
Kc5 66. f6 Ne6 67. Kg4 Kb4 68. a5 Kxb3 69. a6 Kxc4 70. a7 Nc7 71. f7 1-0

[Event "198th YMCA Spring A"]
[Site "Warsaw"]
[Date "2018.04.20"]
[Round "3"]
[White "Majek, Kacper"]
[Black "Moskwinski, Marek"]
[Result "1-0"]
[WhiteElo "1939"]
[BlackElo "1855"]
[PlyCount "91"]
[EventDate "2018.04.06"]
[EventType "tourn"]
[EventRounds "1"]
[EventCountry "POL"]
[SourceDate "2018.04.06"]

1. Nf3 Nf6 2. g3 e6 3. Bg2 d5 4. d3 Be7 5. O-O O-O 6. Nbd2 Nbd7 7. e4 dxe4 8.
dxe4 Re8 9. Qe2 c6 10. e5 Nd5 11. c4 N5b6 12. Ne4 Qc7 13. Bf4 Nf8 14. Nd6 Bxd6
15. exd6 Qd8 16. h4 f6 17. Be3 e5 18. Nd2 Be6 19. Rfd1 Qd7 20. a4 Bg4 21. f3
Bh3 22. a5 Nc8 23. Ne4 Be6 24. Nc5 Qf7 25. b3 Rd8 26. d7 Ne7 27. f4 Nxd7 28.
Nxb7 Rf8 29. Bf2 Qg6 30. h5 Qg4 31. Bf3 Qh3 32. Rd6 Nf5 33. Bg4 Nxg3 34. Bxe6+
Qxe6 35. Bxg3 Qh3 36. Qg2 Qg4 37. Bh2 Qf5 38. Qxc6 exf4 39. Qd5+ Qxd5 40. cxd5
Ne5 41. Bxf4 Nd3 42. Bg3 Rac8 43. Rc6 Rce8 44. d6 Re3 45. Bf2 Re2 46. d7 1-0

[Event "198th YMCA Spring A"]
[Site "Warsaw"]
[Date "2018.04.24"]
[Round "3"]
[White "Kaczmarska, Joanna"]
[Black "Kaminski, Jan"]
[Result "0-1"]
[WhiteElo "1976"]
[BlackElo "1934"]
[PlyCount "136"]
[EventDate "2018.04.06"]
[EventType "tourn"]
[EventRounds "1"]
[EventCountry "POL"]
[SourceDate "2018.04.06"]

1. e4 c5 2. Nf3 d6 3. d4 Nf6 4. Nc3 cxd4 5. Nxd4 a6 6. g3 e5 7. Nde2 Be7 8. Bg2
b5 9. a4 b4 10. Nd5 Nxd5 11. Qxd5 Ra7 12. Be3 Be6 13. Qd2 Rd7 14. Qxb4 d5 15.
Bc5 Bxc5 16. Qxc5 Rc7 17. Qe3 d4 18. Qd2 Nd7 19. f4 Qc8 20. Rc1 Bc4 21. Bh3
Bxe2 22. Qxe2 Qb7 23. Bxd7+ Rxd7 24. b3 O-O 25. O-O exf4 26. Rxf4 d3 27. Qe3
dxc2 28. Rxc2 Rfd8 29. Rc3 Rd1+ 30. Kg2 R8d2+ 31. Rf2 Rd4 32. Qf3 h6 33. e5 Qe7
34. Rc8+ Rd8 35. Qxd1 Rxc8 36. Qd6 Qb7+ 37. Kh3 Qxb3 38. Qxa6 Re8 39. Qb5 Qe6+
40. Kg2 Rd8 41. Re2 Rd5 42. Qb8+ Kh7 43. Qb1+ g6 44. Qb3 Qd7 45. Qf3 Rd3 46.
Qf6 Qd5+ 47. Kh3 Rf3 48. Qe7 Qd3 49. Re1 Rf2 50. Qh4 Qf5+ 51. g4 Qd3+ 52. Qg3
Rf3 53. e6 Rxg3+ 54. hxg3 fxe6 55. Rxe6 Qd1 56. Re7+ Kg8 57. Kg2 Qxa4 58. Kh3
Qc6 59. Re2 Qh1+ 60. Rh2 Qf1+ 61. Rg2 Kg7 62. Kh2 Qf3 63. Kh3 Kf6 64. Rg1 Kg5
65. Kh2 Kxg4 66. Rf1 Qe2+ 67. Kg1 Kxg3 68. Rf3+ Kxf3 0-1

[Event "198th YMCA Spring A"]
[Site "Warsaw"]
[Date "2018.04.19"]
[Round "3"]
[White "Choroszej, Aleksander"]
[Black "Liberadzki, Slawomir"]
[Result "1/2-1/2"]
[WhiteElo "1993"]
[BlackElo "1991"]
[PlyCount "48"]
[EventDate "2018.04.06"]
[EventType "tourn"]
[EventRounds "1"]
[EventCountry "POL"]
[SourceDate "2018.04.06"]

1. d4 d5 2. c4 e6 3. Nc3 Nf6 4. cxd5 exd5 5. Bg5 Be7 6. e3 O-O 7. Bd3 Nbd7 8.
Nge2 Re8 9. O-O c6 10. Qc2 Nf8 11. h3 Ng6 12. a3 Ne4 13. Bxe7 Qxe7 14. Bxe4
dxe4 15. Ng3 f5 16. Rae1 Be6 17. f3 Qg5 18. Kh2 exf3 19. Rxf3 Nh4 20. Rf4 Rf8
21. Ref1 Ng6 22. R4f3 Nh4 23. Rf4 Ng6 24. R4f3 Nh4 1/2-1/2

[Event "198th YMCA Spring A"]
[Site "Warsaw"]
[Date "2018.04.27"]
[Round "4"]
[White "Tychulski, Krzysztof"]
[Black "Liberadzki, Slawomir"]
[Result "1/2-1/2"]
[WhiteElo "1891"]
[BlackElo "1991"]
[PlyCount "36"]
[EventDate "2018.04.06"]
[EventType "tourn"]
[EventRounds "1"]
[EventCountry "POL"]
[SourceDate "2018.04.06"]

1. e4 c5 2. Nf3 e6 3. c4 Nc6 4. d4 cxd4 5. Nxd4 Nf6 6. Nc3 Bb4 7. Nxc6 dxc6 8.
Qxd8+ Kxd8 9. Bd2 e5 10. f3 Be6 11. O-O-O Ke7 12. Na4 Bxd2+ 13. Rxd2 Nd7 14. b3
a6 15. c5 Rad8 16. Be2 Nf6 17. Rhd1 Rxd2 18. Rxd2 Rd8 $11 1/2-1/2

[Event "198th YMCA Spring A"]
[Site "Warsaw"]
[Date "2018.05.11"]
[Round "4"]
[White "Kaminski, Jan"]
[Black "Choroszej, Aleksander"]
[Result "0-1"]
[WhiteElo "1934"]
[BlackElo "1993"]
[PlyCount "98"]
[EventDate "2018.04.06"]
[EventType "tourn"]
[EventRounds "1"]
[EventCountry "POL"]
[SourceDate "2018.04.06"]

1. e4 g6 2. d4 Bg7 3. Nc3 d6 4. Be3 a6 5. Qd2 b5 6. O-O-O Bb7 7. h4 h5 8. Nh3
Nf6 9. f3 Nbd7 10. Kb1 Rc8 11. Ng5 e6 12. Be2 Qe7 13. Qe1 c5 14. dxc5 Nxc5 15.
a3 Qc7 16. Rd2 O-O 17. Bd4 Rfd8 18. g4 e5 19. Be3 Qe7 20. gxh5 Nxh5 21. Nd5
Bxd5 22. Rxd5 Nd7 23. Nh3 Ndf6 24. Bg5 Qe6 25. Rd3 d5 26. exd5 Rxd5 27. f4 Rxd3
28. Bxd3 e4 29. Be2 Qc6 30. c3 Qd5 31. Qf2 e3 32. Qf3 Qf5+ 33. Ka1 Qc5 34. Rd1
Re8 35. Rd3 Ne4 36. Rxe3 Bxc3 37. bxc3 Qxa3+ 38. Kb1 Nd2+ 39. Kc2 Qa2+ 40. Kd1
Nxf3 41. Rxe8+ Kg7 42. Bxf3 Qh2 43. Bg4 f6 44. Re7+ Kf8 45. Re6 fxg5 46. fxg5
Qh1+ 47. Ke2 Qg2+ 48. Nf2 Nf4+ 49. Ke3 Qg3+ 0-1

[Event "198th YMCA Spring A"]
[Site "Warsaw"]
[Date "2018.04.27"]
[Round "4"]
[White "Moskwinski, Marek"]
[Black "Kaczmarska, Joanna"]
[Result "1/2-1/2"]
[WhiteElo "1855"]
[BlackElo "1976"]
[PlyCount "93"]
[EventDate "2018.04.06"]
[EventType "tourn"]
[EventRounds "1"]
[EventCountry "POL"]
[SourceDate "2018.04.06"]

1. e4 e6 2. d4 d5 3. Nc3 Bb4 4. e5 c5 5. Bd2 Bxc3 6. Bxc3 cxd4 7. Qxd4 Ne7 8.
Nf3 Nf5 9. Qg4 h5 10. Qf4 Nc6 11. O-O-O Bd7 12. Bd3 g6 13. h3 Qe7 14. Bxf5 gxf5
15. g4 hxg4 16. hxg4 Rxh1 17. Rxh1 O-O-O 18. gxf5 exf5 19. Rd1 Be6 20. Nh4 Qd7
21. Nf3 Rg8 22. Nd4 Nxd4 23. Qxd4 b6 24. a3 Kb7 25. Bb4 Rg4 26. Qd2 Qb5 27. Qd3
Qc6 28. Bd6 Rg2 29. Qe3 Qc4 30. b3 Qh4 31. Rd2 Rg1+ 32. Rd1 f4 33. Qd4 Rxd1+
34. Kxd1 Qh1+ 35. Kd2 f3 36. Qe3 Qg2 37. Kc1 Bf5 38. Kb2 Be6 39. Bb4 Qg4 40.
Bc3 Bf5 41. Qd4 Be4 42. Bd2 Qf5 43. Be3 Qc8 44. Qc3 Qe6 45. Qd4 Bg6 46. Qc3 Qf5
47. Bd4 $11 1/2-1/2

[Event "198th YMCA Spring A"]
[Site "Warsaw"]
[Date "2018.04.27"]
[Round "4"]
[White "Delega, Tomasz"]
[Black "Majek, Kacper"]
[Result "1-0"]
[WhiteElo "1982"]
[BlackElo "1939"]
[PlyCount "97"]
[EventDate "2018.04.06"]
[EventType "tourn"]
[EventRounds "1"]
[EventCountry "POL"]
[SourceDate "2018.04.06"]

1. e4 c6 2. d4 d5 3. Nc3 dxe4 4. Nxe4 Nd7 5. Bc4 Ngf6 6. Ng5 e6 7. Ne2 Bd6 8.
O-O h6 9. Nf3 Qc7 10. Re1 O-O 11. Ng3 c5 12. b3 b6 13. Bb2 Bb7 14. Qe2 Rfe8 15.
Rad1 Nd5 16. Bxd5 Bxd5 17. dxc5 Bxg3 18. hxg3 Nxc5 19. c4 Bxf3 20. Qxf3 Rad8
21. Qg4 f5 22. Qe2 Re7 23. Be5 Qc8 24. b4 Ne4 25. f3 Ng5 26. Bd6 Red7 27. c5
bxc5 28. bxc5 Qc6 29. Rb1 Kh8 30. Qb5 Qxb5 31. Rxb5 Nf7 32. Bf4 Rd1 33. Kf1 e5
34. Be3 e4 35. Rxd1 Rxd1+ 36. Ke2 Rd5 37. Rb7 Ne5 38. Rxa7 exf3+ 39. gxf3 Nc4
40. Bf2 Rd2+ 41. Ke1 Rc2 42. c6 Ne5 43. c7 Kh7 44. Kd1 Rc6 45. f4 Nc4 46. Bd4
Kg6 47. Ra6 Rxa6 48. c8=Q Rxa2 49. Qxc4 1-0

[Event "198th YMCA Spring A"]
[Site "Warsaw"]
[Date "2018.05.04"]
[Round "5"]
[White "Kasperkiewicz, Pawel"]
[Black "Tychulski, Krzysztof"]
[Result "1/2-1/2"]
[WhiteElo "1999"]
[BlackElo "1891"]
[PlyCount "122"]
[EventDate "2018.04.06"]
[EventType "tourn"]
[EventRounds "1"]
[EventCountry "POL"]
[SourceDate "2018.04.06"]

1. e4 c5 2. c3 Nf6 3. e5 Nd5 4. d4 cxd4 5. Qxd4 Nb6 6. Nf3 Nc6 7. Qe4 d5 8.
exd6 Qxd6 9. Na3 Qe6 10. Bd3 a6 11. O-O Qxe4 12. Bxe4 e6 13. Nc2 Be7 14. b3 Bf6
15. Ba3 Bxc3 16. Rac1 Bf6 17. Ne3 Bd7 18. Bc5 Nc8 19. Nc4 Be7 20. Nce5 Bxc5 21.
Rxc5 N8e7 22. Nxd7 Kxd7 23. Rd1+ Ke8 24. Ne5 Nxe5 25. Rxe5 Nc6 26. Bxc6+ bxc6
27. Rc5 Rc8 28. Rd6 Ke7 29. Rdxc6 Rxc6 30. Rxc6 Rd8 31. Kf1 Rd6 32. Rc7+ Kf6
33. Ra7 h5 34. h4 e5 35. Ke2 Kg6 36. g3 f5 37. b4 Rb6 38. a3 Kf6 39. Kd3 g5 40.
hxg5+ Kxg5 41. Rg7+ Kf6 42. Rh7 Kg6 43. Ra7 e4+ 44. Kc4 Kg5 45. Rg7+ Kf6 46.
Rh7 Kg6 47. Rh8 Rd6 48. Ra8 f4 49. gxf4 Kf5 50. Rh8 Kg4 51. a4 h4 52. b5 axb5+
53. axb5 h3 54. Kc5 Rd3 55. b6 Kxf4 56. b7 Rb3 57. b8=Q+ Rxb8 58. Rxb8 Kf3 59.
Rh8 Kxf2 60. Rf8+ Kg2 61. Kd4 h2 1/2-1/2

[Event "198th YMCA Spring A"]
[Site "Warsaw"]
[Date "2018.05.15"]
[Round "5"]
[White "Majek, Kacper"]
[Black "Borowy, Cezary"]
[Result "1-0"]
[WhiteElo "1939"]
[BlackElo "2013"]
[PlyCount "57"]
[EventDate "2018.04.06"]
[EventType "tourn"]
[EventRounds "1"]
[EventCountry "POL"]
[SourceDate "2018.04.06"]

1. Nf3 c5 2. g3 g6 3. Bg2 Bg7 4. O-O Nc6 5. d3 Nf6 6. e4 e5 7. Nbd2 O-O 8. Nc4
d6 9. c3 Re8 10. Re1 b5 11. Na3 Rb8 12. Nc2 Bb7 13. Be3 Qc7 14. Rc1 Ng4 15. Nh4
Nxe3 16. Nxe3 Rbd8 17. Nd5 Qa5 18. a3 Rb8 19. Bh3 Qd8 20. Ng2 Ne7 21. Nxe7+
Rxe7 22. Ne3 Bh6 23. f4 exf4 24. Ng4 Bg5 25. gxf4 Bxf4 26. Rc2 h5 27. Nf6+ Kf8
28. Qf3 Bg5 29. Nh7+ 1-0

[Event "198th YMCA Spring A"]
[Site "Warsaw"]
[Date "2018.05.04"]
[Round "5"]
[White "Kaczmarska, Joanna"]
[Black "Delega, Tomasz"]
[Result "1-0"]
[WhiteElo "1976"]
[BlackElo "1982"]
[PlyCount "83"]
[EventDate "2018.04.06"]
[EventType "tourn"]
[EventRounds "1"]
[EventCountry "POL"]
[SourceDate "2018.04.06"]

1. e4 d6 2. d4 c6 3. c4 Nf6 4. Nc3 Qa5 5. Bd3 e5 6. d5 a6 7. Bd2 Nbd7 8. b4 Qc7
9. Nge2 g6 10. O-O c5 11. b5 a5 12. Rb1 b6 13. g3 h5 14. f4 Bg7 15. f5 Nf8 16.
Kg2 Bd7 17. h3 O-O-O 18. Nc1 gxf5 19. exf5 Bh6 20. Be1 Bxc1 21. Qxc1 N8h7 22.
Bd2 Rdg8 23. Rb3 Qd8 24. Re1 Rg7 25. Bh6 Rgg8 26. Ra3 Ne8 27. Na4 Kb7 28. Bd2
Rg7 29. Nxb6 Rhg8 30. Re3 Qh4 31. Bb1 Kxb6 32. Qc3 Rxg3+ 33. Rxg3 Rxg3+ 34.
Qxg3 Qxc4 35. Qc3 Qxd5+ 36. Kh2 Kb7 37. Qxa5 Kc8 38. Qa8+ Qxa8 39. Rxa8+ Kb7
40. Be4+ Kb6 41. a4 c4 42. Be3+ 1-0